Započítanie na finančných trhoch
Započítanie medzi stranami, z ktorých je aspoň jedna v reštrukturalizačnom konaní, v režime s nedostupným klientskym majetkom alebo insolventná podľa obchodného zákonníka. Reštrukturalizácia - reštrukturalizácia nefinančných inštitúcií, reštrukturalizácia finančných inštitúcií. Nútená správa. Nedost...
Salvato in:
| Autore principale: | |
|---|---|
| Natura: | Capitolo di libro |
| Lingua: | slovacco |
| Soggetti: | |
| Tags: |
Nessun Tag, puoi essere il primo ad aggiungerne!!
|
MARC
| LEADER | 00000naa$a2200000$$$4500 | ||
|---|---|---|---|
| 001 | 0028839 | ||
| 005 | 20231116082329.0 | ||
| 041 | 0 | |a slo | |
| 044 | |a SK | ||
| 245 | 1 | 0 | |a Započítanie na finančných trhoch |c Peter Baláž |
| 520 | |a Započítanie medzi stranami, z ktorých je aspoň jedna v reštrukturalizačnom konaní, v režime s nedostupným klientskym majetkom alebo insolventná podľa obchodného zákonníka. Reštrukturalizácia - reštrukturalizácia nefinančných inštitúcií, reštrukturalizácia finančných inštitúcií. Nútená správa. Nedostupnosť majetku. Platobná neschopnosť podľa obchodného zákonníka. | ||
| 610 | 2 | 0 | |a trh finančný |
| 610 | 2 | 0 | |a reštrukturalizácia |
| 610 | 2 | 0 | |a insolventnosť |
| 610 | 2 | 0 | |a zákonník obchodný |
| 610 | 2 | 0 | |a správa nútená |
| 610 | 2 | 0 | |a banky |
| 610 | 2 | 0 | |a obchodníci |
| 610 | 2 | 0 | |a papiere cenné |
| 610 | 2 | 0 | |a spoločnosti správcovské |
| 610 | 2 | 0 | |a spoločnosti správcovské dôchodkové |
| 610 | 2 | 0 | |a poisťovne |
| 610 | 2 | 0 | |a majetok |
| 100 | 1 | |a Baláž, Peter | |